El Aliado Olvidado (Record no. 9991)

MARC details
000 -CABECERA
campo de control de longitud fija 01003nam a2200289 a 4500
001 - NÚMERO DE CONTROL
campo de control BRL_1179
005 - FECHA Y HORA DE LA ÚLTIMA TRANSACCIÓN
campo de control 20190320211054.0
008 - DATOS DE LONGITUD FIJA--INFORMACIÓN GENERAL
campo de control de longitud fija 211113s1944----ag-b######---#000-1#spa-#
041 ## - CÓDIGO DE LENGUA
Código de lengua del texto/banda sonora o título independiente spa
044 ## - CÓDIGO DEL PAÍS DE LA ENTIDAD EDITORA/PRODUCTORA
Código MARC del país ag
050 #4 - SIGNATURA TOPOGRÁFICA DE LA BIBLIOTECA DEL CONGRESO
Número de clasificación D810.J4
Número de documento/Ítem .P33 1944
100 1# - ENTRADA PRINCIPAL--NOMBRE DE PERSONA
Nombre de persona Van Paassen, Pierre
Fechas asociadas al nombre 1895-1968
9 (RLIN) 26019
245 10 - MENCIÓN DE TÍTULO
Título El Aliado Olvidado
Mención de responsabilidad, etc. Pierre Van Paassen ; traducción del inglés de Eloy Lorenzo Rébora.
260 ## - PUBLICACIÓN, DISTRIBUCIÓN, ETC.
Lugar de publicación, distribución, etc. Buenos Aires
Nombre del editor, distribuidor, etc. Ayacucho
Fecha de publicación, distribución, etc. 1944
300 ## - DESCRIPCIÓN FÍSICA
Extensión 282 p.
Otras características físicas il., mapas
Dimensiones 20 cm.
500 ## - NOTA GENERAL
Nota general Au1342
500 ## - NOTA GENERAL
Nota general Traducción de: The forgotten ally.
500 ## - NOTA GENERAL
Nota general Estado físico: desprendimiento del lomo.
650 14 - PUNTO DE ACCESO ADICIONAL DE MATERIA--TÉRMINO DE MATERIA
Término de materia o nombre geográfico como elemento de entrada Guerra Mundial II, 1939-1945
Subdivisión general Judios
9 (RLIN) 26020
650 14 - PUNTO DE ACCESO ADICIONAL DE MATERIA--TÉRMINO DE MATERIA
Término de materia o nombre geográfico como elemento de entrada Guerra Mundial II, 1939-1945
Subdivisión geográfica Palestina
9 (RLIN) 26021
650 14 - PUNTO DE ACCESO ADICIONAL DE MATERIA--TÉRMINO DE MATERIA
Término de materia o nombre geográfico como elemento de entrada Sionismo
9 (RLIN) 26022
651 #4 - PUNTO DE ACCESO ADICIONAL DE MATERIA--NOMBRE GEOGRÁFICO
Nombre geográfico Gran Bretaña
Subdivisión general Relaciones extranjeras
Subdivisión geográfica Palestina
9 (RLIN) 26023
651 #4 - PUNTO DE ACCESO ADICIONAL DE MATERIA--NOMBRE GEOGRÁFICO
Nombre geográfico Palestina
Subdivisión general Relaciones extranjeras
Subdivisión geográfica Gran Bretaña
9 (RLIN) 26024
700 1# - PUNTO DE ACCESO ADICIONAL--NOMBRE DE PERSONA
Nombre de persona Lorenzo Rébora, Eloy
Término indicativo de función/relación il.
9 (RLIN) 26025
902 ## - CATALOGADOR
Iniciales GRL
942 ## - ELEMENTOS DE PUNTO DE ACCESO ADICIONAL (KOHA)
Fuente del sistema de clasificación o colocación Library of Congress Classification
Tipo de ítem Koha Libros
Holdings
Estado de retiro Estado de pérdida Estado dañado No para préstamo Localización permanente Ubicación/localización actual Fecha de adquisición Número de inventario Total de préstamos Signatura topográfica completa Código de barras Fecha visto por última vez Precio válido a partir de Tipo de ítem Koha
El ejemplar forma parte de la colección y puede ser consultado según las políticas vigentes.       Biblioteca Centro de Estudios Ruth D. Lechuga Biblioteca Centro de Estudios Ruth D. Lechuga 21/11/2013 Au1342   D810.J4 .P33 1944 (Au1342) GRL01296 22/03/2019 22/03/2019 Libros